| 000 | 02465cgm a2200493 a 4500 | ||
|---|---|---|---|
| 001 | on1066029423 | ||
| 003 | OCoLC | ||
| 005 | 20251015154033.0 | ||
| 007 | vd cgaizs | ||
| 008 | 141107s2011 cau108 e vleng d | ||
| 040 |
_aKB6 _beng _cKB6 _dOCLCO _dOCLCF _dOCLCQ _dOCLCO _dOCLCQ _dOCLCL _dOCLCQ |
||
| 024 | 1 | _a01313243429280 | |
| 028 | 4 | 2 | _aDV24342 |
| 035 | _a(OCoLC)1066029423 | ||
| 082 | 0 | 4 |
_a791.43/72 _qOCoLC _223/eng/20230216 _1https://id.oclc.org/worldcat/ddc/E33mBhDCffccvhb8YbWWgdM7cc |
| 049 | _aWACL | ||
| 245 | 0 | 0 |
_aDutch [DVD] / _cTwenieth Century Fox presents in association with Peter V. Miller Investiment Corp. ; a John Hughes production, a Peter Faiman film, directed by Peter Faiman, produced by John Hughes and Richard Vane. |
| 260 |
_aBeverly Hills, CA : _bAnchor Bay/ 20th. Century Fox, _c�2011. |
||
| 300 |
_a1 videodisc (108 min.) : _bsound, color ; _c4 3/4 in. |
||
| 336 | _atwo-dimensional moving image | ||
| 337 | _avideo | ||
| 338 | _avideodisc | ||
| 538 | _aDVD. | ||
| 500 | _a#2719. | ||
| 511 | 0 | _aEd O'Neill, Ethan Randall, Christopher McDonald, JoBeth Williams. | |
| 520 | _aDutch Dooley is a working-class good guy who's the new boyfriend of a wealthy big shot's ex-wife, but when the woman's spoiled son refuses to come home from his Southern prep school for Thanksgiving, he volunteers to pick the bratty boy up for a road trip back to Chicago that quickly goes hilariously wrong. From fireworks fiascos to hitchinghiking with hookers, can a man who's really just a grown-up kid find a way to bring out the child in a little jerk? | ||
| 521 | 8 | _aRated PG-13. | |
| 538 | _aDVD, Dolby digital. | ||
| 650 | 0 |
_aBoys _vDrama. _95697067 |
|
| 650 | 0 |
_aRoad trips _vDrama. _96553669 |
|
| 650 | 0 |
_aThanksgiving _vDrama. _96553670 |
|
| 650 | 7 |
_aBoys. _2fast _0(OCoLC)fst00837358 |
|
| 655 | 4 | _aComedy films. | |
| 655 | 7 |
_aDrama. _2fast _0(OCoLC)fst01423879 |
|
| 700 | 1 |
_aHughes, John. _912978 |
|
| 700 | 1 |
_aFaiman, Peter. _963461 |
|
| 700 | 1 |
_aO'Neill, Ed. _95714616 |
|
| 700 | 1 |
_aRandall, Ethan. _96553671 |
|
| 700 | 1 |
_aMcDonald, Chris _q(Christopher) _1https://id.oclc.org/worldcat/entity/E39PCjJxcjDcFg6Rbw9YdQt7pP _967149 |
|
| 700 | 1 |
_aWilliams, JoBeth. _959628 |
|
| 758 |
_ihas work: _aDutch (MovingImage) _1https://id.oclc.org/worldcat/entity/E39PCH4Vxv4G9RbjqCP8v6Rc8C _4https://id.oclc.org/worldcat/ontology/hasWork |
||
| 936 | _aBATCHLOAD | ||
| 994 |
_aC0 _bWACOL |
||
| 999 |
_c412535 _d412535 |
||